Central Library OPAC University of Rajshahi

American folklore : (Record no. 13904)

MARC details
000 -LEADER
fixed length control field 01098nam a2200313 a 4500
001 - CONTROL NUMBER
control field 13904
003 - CONTROL NUMBER IDENTIFIER
rucl marc code BD-RjUL
005 - DATE AND TIME OF LATEST TRANSACTION
control field 20211208235532.0
008 - FIXED-LENGTH DATA ELEMENTS--GENERAL INFORMATION
fixed length control field 140203s1996 nyua be 001 0 eng
020 ## - INTERNATIONAL STANDARD BOOK NUMBER
International Standard Book Number 0815333501 (pbk. : alk. paper)
035 ## - SYSTEM CONTROL NUMBER
System control number (BD-RjUL)13956
040 ## - CATALOGING SOURCE
Original cataloging agency DLC
Transcribing agency DLC
Language of cataloging eng
Modifying agency BD-RjUL
041 ## - LANGUAGE CODE
Language code of text/sound track or separate title eng
082 00 - DEWEY DECIMAL CLASSIFICATION NUMBER
Classification number 398.097303
Edition number 21
Author mark and year AME 1996
245 00 - TITLE STATEMENT
Title American folklore :
Remainder of title an encyclopedia /
Statement of responsibility, etc. edited by Jan Harold Brunvand.
260 ## - PUBLICATION, DISTRIBUTION, ETC. (IMPRINT)
Place of publication, distribution, etc. New York ;
-- London :
Name of publisher, distributor, etc. Garland Pub.,
Date of publication, distribution, etc. c1996.
300 ## - PHYSICAL DESCRIPTION
Pagination xviii, 794 :
Illustrations ill. ;
Pagination 28 cm.
490 ## - SERIES STATEMENT
Series statement Garland reference library of the humanities ;
Volume/sequential designation vol. 1551
500 ## - GENERAL NOTE
General note Originally published: 1996.
504 ## - BIBLIOGRAPHY, ETC. NOTE
Bibliography, etc Includes bibliographical references and index.
650 #0 - SUBJECT ADDED ENTRY--TOPICAL TERM
Topical term or geographic name as entry element Folklore
Geographic subdivision North America
General subdivision Encyclopedias.
9 (RLIN) 43454
Topical term or geographic name as entry element North America
General subdivision Social life and customs
-- Encyclopedias.
9 (RLIN) 43455
700 1# - ADDED ENTRY--PERSONAL NAME
Personal name Brunvand, Jan Harold, ed.
830 #0 - SERIES ADDED ENTRY--UNIFORM TITLE
Volume number/sequential designation vol. 1551
830 #0 - SERIES ADDED ENTRY--UNIFORM TITLE
Uniform title Garland reference library of the humanities ;
942 ## - ADDED ENTRY ELEMENTS (KOHA)
Source of classification or shelving scheme Dewey Decimal Classification
Koha item type Reference
Holdings
Lost status Source of classification or shelving scheme Damaged status Not for loan Permanent Location Current Location Shelving location Date acquired Source of acquisition Cost, normal purchase price Total Checkouts Full call number Date last seen Copy number Koha item type
  Dewey Decimal Classification   Not For Loan Central Library, University of Rajshahi Central Library, University of Rajshahi   06/07/2013 Space Marketing Comm. 6720.00   R 398.097303 AME 1996 03/02/2014 C-3 Reference